Contributo allo studio del processo interdittale romano
Guardat en:
| Autor principal: | |
|---|---|
| Format: | Llibre |
| Idioma: | italià |
| Publicat: |
Milán
Dott. A. Giuffrè
1955
|
| Col·lecció: | Fondazione Guglielmo Castelli, 23
|
| Matèries: | |
| Etiquetes: |
Afegir etiqueta
Sense etiquetes, Sigues el primer a etiquetar aquest registre!
|
MARC
| LEADER | 00000nam a2200000 a 4500 | ||
|---|---|---|---|
| 001 | UCR0966 | ||
| 003 | CL-VaPUC | ||
| 008 | 971205e19550000IT |||||||||||||||||ita|d | ||
| 082 | 0 | 4 | |a 340.54 |b GAN |2 21 |
| 100 | |a Gandolfi, Giuseppe |e author |9 402594 | ||
| 245 | 1 | 0 | |a Contributo allo studio del processo interdittale romano |
| 300 | |a 168 p | ||
| 942 | |c BK | ||
| 945 | |d 19971205 00:00:00 |a aolguin | ||
| 260 | |a Milán |b Dott. A. Giuffrè |c 1955 | ||
| 650 | 0 | |a Derecho romano |9 255930 | |
| 650 | 0 | |a Derecho procesal penal |9 255496 | |
| 650 | 7 | |a INTERDICCION |2 CL-VaPUC |9 397649 | |
| 650 | 7 | |a FUNCION |2 CL-VaPUC |9 393242 | |
| 650 | 7 | |a EFECTOS |2 CL-VaPUC |9 360458 | |
| 650 | 0 | |a Proceso judicial |9 258564 | |
| 583 | |a last modification |c 19971205 00:00:00 |k Rodrigo Vera | ||
| 490 | 0 | |a Fondazione Guglielmo Castelli, 23 | |
| 999 | |c 264463 |d 264461 | ||
| 952 | |0 0 |1 0 |4 0 |6 340_540000000000000_GAN_1955 |7 0 |8 DER_ROM |9 294741 |a BIBDER |b BIBDER |d 2019-11-19 |i 1958755 |o 340.54 GAN 1955 |p 1958755 |r 2023-01-25 |w 2019-11-19 |x Ubicación 4to piso |y BK |z Este recurso debe solicitarse con anticipación |k DER | ||